Izvestija Akademii nauk SSSR serija ekonomičeskaja

Uložené v:
Podrobná bibliografia
Médium: Seriál
Jazyk:Russian
Vydavateľské údaje: Moskva Nauka
Tagy: Pridať tag
Žiadne tagy, Buďte prvý, kto otaguje tento záznam!

MARC

LEADER 00000nas1a22000001 4500
001 s120808
005 20041019155346.7
041 0 |a rus 
044 |a RU 
245 1 0 |a Izvestija Akademii nauk SSSR  |b serija ekonomičeskaja 
264 1 |a Moskva  |b Nauka